La otra mujer

Saved in:
Bibliografiske detaljer
Hovedforfatter: Ampuero, Roberto
Format: Bog
Sprog:engelsk
spansk
Udgivet: Bogotá, Colombia Grupo Editorial Norma S.A 2010
Udgivelse:Primera edición
Fag:
Tags: Tilføj Tag
Ingen Tags, Vær først til at tagge denne postø!

MARC

LEADER 00000nam a22000007a 4500
003 CL-VaPUC
005 20230531074424.0
008 200107b ||||| |||| 00| 0 eng d
999 |c 376460  |d 376458 
020 |a 9789584526809 
040 |c Pontificia Universidad Católica de Valparaíso 
041 0 |a spa 
082 |a Ch863 AMP 2010 
100 1 |a Ampuero, Roberto  |9 605664 
245 1 3 |a La otra mujer 
250 |a Primera edición 
260 3 |a Bogotá, Colombia  |b Grupo Editorial Norma S.A  |c 2010 
300 |a 364 p 
583 |c 20200107  |k Daniel Castañeda 
650 0 0 |a Novelas chilenas   |9 265425 
650 0 0 |a Literatura chilena   |9 308278 
942 |2 ddc  |c BK 
952 |0 0  |1 0  |2 ddc  |4 0  |6 CH_863_000000000000000_AMP_2010  |7 0  |8 A  |9 495873  |a BIBGIM  |b BIBGIM  |d 2020-01-07  |i 5614481  |l 2  |m 3  |o Ch863 AMP 2010  |p 5614481  |r 2025-04-08  |s 2025-03-19  |t 1  |w 2020-01-07  |y BK  |k GIM